Language Quiz

Random Language or Letter Quiz

Three Consecutive Letters Quiz Stats

 Plays Quiz not verified by Sporcle

Challenge
Share
Tweet
Embed
Score 0/24 Timer 10:00
0 Plays Today
Clue Answer % Correct
What a dictionary suppliesDefinition
69.6%
Former name for the Turkish city now known as IstanbulConstantinople
66.1%
One who attends a facility of educationStudent
66.1%
A replacement for an actor in a playUnderstudy (Four in a row here!)
57.1%
A test given at a random time (hyphenated or spaced through letter group)Pop-quiz
55.4%
To walk without coordination, or to find by coincidence in expression with 'upon'Stumble
51.8%
The least desirable of the given optionsWorst
46.4%
Wikipedia's shortest articles that can be expandedStub
42.9%
To take a vehicle by external, illicit forceHijack
39.3%
A round food item formed from a crustaceanCrabcake
37.5%
Idiotic or lacking purposeStupid
37.5%
A website for debunking popular Internet mythsSnopes
33.9%
Clue Answer % Correct
One of the Jackson 5's hit songsABC 123
33.9%
RPG statistic to complement 'Attack'Defense
32.1%
Island nation with a capital of FunafutiTuvalu
30.4%
The lowest non-negative ordinal number to fit the categoryFirst
30.4%
Landlocked country that shares its northeast border with ChinaAfghanistan
25%
To cram too much into a small space in your brain before a testOverstudy
21.4%
To cram too much into a small space in your cupboardOverstuff
17.9%
Quick and skillfulDeft
17.9%
1798-1800 event that started an undeclared war between France and the USA XYZ Affair
16.1%
California-based chocolate company now owned by Lindt & SprüngliGhirardelli
14.3%
Band with the hit song 'Stricken'Disturbed
10.7%
The only Pokémon to fit the categoryStunky
1.8%

You're not logged in!

Compare scores with friends on all Sporcle quizzes.
Join for Free
OR
Log In

You Might Also Like...

Show Comments

Extras

Created Oct 7, 2010ReportNominate
Tags:Letter Quiz, consecutive, three

Top Quizzes Today


Score Distribution

Your Account Isn't Verified!

In order to create a playlist on Sporcle, you need to verify the email address you used during registration. Go to your Sporcle Settings to finish the process.

Report this User

Report this user for behavior that violates our Community Guidelines.

Details: